=LDR 00000nam 2200000 4500 =001 NUTBA000000000000172 =005 20140318104246.0 =006 =007 =008 =020 ##$$a 01.34.00092 =035 ##$$a 0010-031400000000171 =082 ##$$a 658 =090 ##$$a 658 Ter d =100 ##$$a Terry,George R =245 ##$$a Dasar - dasar Manajemen =250 ##$$a Ed.9 =260 ##$$a Jakarta $b Bumi aksara $c 1992 =700 ##$$a Leslie W. Rule =850 ##$$a NBPNMAT